| 000 | 00361nam a2200157Ia 4500 | ||
|---|---|---|---|
| 003 | 0STCL | ||
| 008 | 150530s9999 xx 000 0 und d | ||
| 040 |
_aSTCL _cSTCL |
||
| 100 | _aDouglas Fisher | ||
| 245 | _aMacmillan studies in economics | ||
| 260 |
_bMacmillan _c1976 |
||
| 546 | _aEnglish | ||
| 942 |
_2ddc _cBK |
||
| 999 |
_c14471 _d14471 |
||
| 005 | 20220125165712.0 | ||